Bláznivé století

Stručný historicko-spoločenský pohľad na udalosti uplynulého storočia. Vznik národných štátov. Hlavné konflikty storočia. Ekonomické transformácie. Hrubý domáci produkt vo vybraných krajinách. Najľudnatejšie krajiny a mestá sveta. Spoločenské a sociálne premeny. Demografická explózia a urbanizácia....

Descrizione completa

Salvato in:
Dettagli Bibliografici
Autore principale: Syruček, Milan
Natura: Capitolo di libro
Lingua:ceco
Soggetti:
Tags: Aggiungi Tag
Nessun Tag, puoi essere il primo ad aggiungerne!!

MARC

LEADER 00000naa a2200000 4500
001 r036939
005 20230920100820.8
041 0 |a cze 
044 |a CZ 
245 1 0 |a Bláznivé století  |c Milan Syruček 
520 |a Stručný historicko-spoločenský pohľad na udalosti uplynulého storočia. Vznik národných štátov. Hlavné konflikty storočia. Ekonomické transformácie. Hrubý domáci produkt vo vybraných krajinách. Najľudnatejšie krajiny a mestá sveta. Spoločenské a sociálne premeny. Demografická explózia a urbanizácia. Problémy globalizácie XXI. storočia. 
610 2 0 |a vývoj spoločenský 
610 2 0 |a vývoj populačný 
610 2 0 |a vývoj hospodársky 
610 2 0 |a vývoj vedeckotechnický 
610 2 0 |a vývoj systémov 
610 2 0 |a veda 
610 2 0 |a technika 
610 2 0 |a štát 
610 2 0 |a štát sociálny 
610 2 0 |a konflikty medzinárodné 
610 2 0 |a transformácia 
610 2 0 |a produkt domáci hrubý 
610 2 0 |a svet 
100 1 |a Syruček, Milan